100 best footballers of the 21st Century - Statistics

General Stats
  • This quiz has been taken 486 times
  • The average score is 70 of 100
Answer Stats
Rank Nation Answer Position % Correct
2 Portugal Cristiano Ronaldo FW
100%
1 Argentina Lionel Messi FW
100%
17 Brazil Ronaldo Nazário FW
99%
3 Spain Andrés Iniesta MF
96%
10 Uruguay Luis Suárez FW
96%
4 Spain Xavi MF
96%
8 Germany Manuel Neuer GK
94%
25 Brazil Neymar FW
94%
6 France Zinedine Zidane MF
94%
14 Croatia Luka Modrić MF
93%
5 Brazil Ronaldinho MF
93%
7 France Thierry Henry FW
91%
13 Sweden Zlatan Ibrahimović FW
91%
29 Wales Gareth Bale FW
90%
33 France Kylian Mbappé FW
90%
28 Poland Robert Lewandowski FW
89%
15 Cameroon Samuel Eto'o FW
88%
19 Spain Sergio Ramos DF
87%
16 England Wayne Rooney FW
87%
49 Belgium Kevin de Bruyne MF
86%
42 Egypt Mohamed Salah FW
86%
20 Germany Thomas Müller FW
85%
41 Ivory Coast Didier Drogba FW
84%
11 France Karim Benzema FW
83%
22 Netherlands Arjen Robben FW
82%
24 Spain Gerard Piqué DF
82%
36 Italy Gianluigi Buffon GK
82%
27 Spain Iker Casillas GK
82%
21 England Steven Gerrard MF
82%
87 Brazil Thiago Silva DF
82%
37 England Frank Lampard MF
81%
9 Brazil Kaká MF
81%
18 Germany Philipp Lahm DF
81%
75 Spain David Silva MF
80%
45 Germany Toni Kroos MF
80%
30 Spain Sergio Busquets MF
79%
48 Spain Carles Puyol DF
78%
56 Netherlands Virgil van Dijk DF
78%
60 Belgium Eden Hazard FW
77%
67 England Harry Kane FW
77%
88 Belgium Thibaut Courtois GK
77%
34 Italy Andrea Pirlo MF
76%
52 Czechia Petr Čech GK
76%
31 Ukraine Andriy Shevchenko FW
75%
57 Argentina Ángel Di María FW
75%
63 Italy Paolo Maldini DF
75%
26 Argentina Sergio Agüero FW
75%
80 Chile Alexis Sánchez FW
73%
32 England Rio Ferdinand DF
73%
53 France Antoine Griezmann FW
72%
12 Brazil Dani Alves DF
72%
79 Uruguay Edinson Cavani FW
72%
59 Brazil Roberto Carlos DF
72%
47 Ivory Coast Yaya Touré MF
72%
44 Portugal Luís Figo FW
71%
66 Brazil Marcelo DF
71%
62 Serbia Nemanja Vidić DF
71%
61 Spain David Villa FW
70%
40 France Franck Ribéry FW
70%
58 England Paul Scholes MF
69%
51 Czechia Pavel Nedvěd MF
69%
65 England David Beckham MF
68%
46 England John Terry DF
67%
76 Slovenia Jan Oblak GK
65%
81 Wales Ryan Giggs MF
65%
23 England Ashley Cole DF
64%
77 France N'Golo Kante MF
64%
43 Belgium Vincent Kompany DF
64%
90 Chile Arturo Vidal MF
63%
71 Italy Fabio Cannavaro DF
63%
54 Colombia Radamel Falcao FW
63%
69 Germany Bastian Schweinsteiger MF
61%
68 Brazil Cafu DF
61%
92 Netherlands Edwin van der Sar GK
61%
85 Spain Fernando Torres FW
61%
64 Netherlands Ruud van Nistelrooy FW
61%
78 Croatia Ivan Rakitić MF
60%
99 Germany Miroslav Klose FW
59%
74 Italy Alessandro Nesta DF
58%
38 France Patrick Vieira MF
57%
39 Italy Francesco Totti FW
55%
93 Germany Mesut Özil MF
51%
98 Brazil Rivaldo MF
51%
73 Netherlands Wesley Senijder MF
51%
96 Spain David de Gea GK
50%
84 Sweden Henrik Larsson FW
49%
72 Spain Cesc Fàbregas MF
48%
83 France Raphaël Varane DF
48%
55 Germany Michael Ballack MF
47%
70 Spain Raúl FW
46%
35 France Claude Makélélé MF
45%
91 Argentina Carlos Tevez FW
42%
94 Argentina Javier Zanetti DF
41%
95 Portugal Deco MF
39%
82 England Raheem Sterling FW
37%
50 Spain Xabi Alonso MF
36%
89 Argentina Hernán Crespo FW
35%
86 Argentina Juan Román Riquelme MF
31%
97 Italy Luca Toni FW
26%
100 England Trent Alexander-Arndold DF
14%
No matching quizzes found
Score Distribution
Percent of People with Each Score
Percentile by Number Answered
Your Score History
You have not taken this quiz